The Madras panchayats act, 1958 (as modified upto the 15th March 1960) (Record no. 488582)

000 -LEADER
fixed length control field 00367cam a22001217a 4500
008 - FIXED-LENGTH DATA ELEMENTS--GENERAL INFORMATION
fixed length control field 180718b1961 xxu||||| |||| 00| 0 eng d
082 ## - DEWEY DECIMAL CLASSIFICATION NUMBER
Classification number B71103x5452 A/1960
100 ## - MAIN ENTRY--PERSONAL NAME
Personal name Madras. Law Department
245 ## - TITLE STATEMENT
Title The Madras panchayats act, 1958 (as modified upto the 15th March 1960)
260 ## - PUBLICATION, DISTRIBUTION, ETC.
Place of publication, distribution, etc. Madras
Name of publisher, distributor, etc. The author
Date of publication, distribution, etc. 1961
300 ## - PHYSICAL DESCRIPTION
Extent 110+p.
500 ## - GENERAL NOTE
General note Act XXXV of 1958
Holdings
Withdrawn status Lost status Damaged status Not for loan Permanent Location Current Location Date acquired Full call number Barcode Date last seen Price effective from Koha item type
        Indian Institute of Public Administration Indian Institute of Public Administration 2018-08-04 B71103x5452 A/1960 G2721 2018-08-04 2018-08-04 G

Powered by Koha